000 00727nam a2200205Ia 4500
008 210303s9999 xx 000 0 und d
016 _2retro2021
020 _a9789788088486
040 _aNLN
_bEnglish
_eAACR2
050 _aRJ102.5 .N685
_bG757
082 _a362.198920009669
100 _aGRANGE, Adenike
_eaut
_927454
245 0 _aChild Health in Nigeria :
_bWho will save our children /
_cAdenike Grange
260 _aIbadan, Oyo State (2, Awosika Avenue, Bodija Estate, U. I. P. O. Box 20222) :
_bBook Builder Editions Africa,
_c2008
300 _aviii, 28p. ;
_b21cm.
500 _aIncludes bibliographical references
563 _a(pbk)
650 _aChildren
_vHealth and Hygiene
_xNigeria
_929909
942 _n0
_cBK
999 _c13880
_d13880